000 00503cam a2200205ua 4500
001 7167
005 20260515114149.0
008 190913n ii |||gr||||Z||||||eng
020 _a9788120747883
040 _cMAIN
041 _aeng
082 _a371
100 _aKochhar,S.K.,
_eAuthor.
245 _aSchool administration and management
_cBy S.K. Kochhar
250 _a4th rev.
260 _aNew Delhi:
_bSterling,
_c2012.
300 _axiv,465p.
653 _aSchool administration
942 _cBK
999 _c6288
_d6288